00230nam a2200085Ia 4500001000800000005001700008008004100025245005800066260002000124119163220250827021639.0250824s9999 xx 000 0 und d 0aİVAN İLYİÇ'İN ÖLÜMÜ cLEV N. TOLSTOY  bKIRMIZI KEDİ